[Event "Sevastopol Waltz Rapid"]
[Site "Sevastopol"]
[Date "2023.06.27"]
[Round "6"]
[White "Tkachuk, Ilya"]
[Black "Trudov, Gleb"]
[Result "1-0"]
[WhiteElo "1375"]
[BlackElo "1424"]
[PlyCount "41"]
[EventDate "2023.06.26"]
[EventType "swiss (rapid)"]
[EventRounds "11"]
[EventCountry "UKR"]
[SourceTitle "CBM 215 Extra"]
[Source "ChessBase"]
[SourceDate "2023.09.30"]
[SourceVersion "1"]
[SourceVersionDate "2023.09.30"]
[SourceQuality "1"]

1. d4 d5 2. Bf4 e6 3. e3 c5 4. c3 Nc6 5. Nd2 Nf6 6. Bd3 Be7 7. Ngf3 0-0 8. 0-0 a6 9. h3 b5 10. a3 c4 11. Bc2 Qb6 12. e4 Bb7 13. e5 Nd7 14. Ng5 g6 15. Qg4 Rfe8 16. Qh4 Nf8 17. Qh6 Bxg5 18. Bxg5 Ne7 19. Bf6 Nf5 20. Bxf5 exf5 21. Qg7# 1-0

[Event "Sevastopol Waltz Rapid"]
[Site "Sevastopol"]
[Date "2023.06.26"]
[Round "1"]
[White "Trudov, Gleb"]
[Black "Smirnov, Pavel"]
[Result "0-1"]
[WhiteElo "1424"]
[BlackElo "2538"]
[PlyCount "52"]
[EventDate "2023.06.26"]
[EventType "swiss (rapid)"]
[EventRounds "11"]
[EventCountry "UKR"]
[SourceTitle "CBM 215 Extra"]
[Source "ChessBase"]
[SourceDate "2023.09.30"]
[SourceVersion "1"]
[SourceVersionDate "2023.09.30"]
[SourceQuality "1"]

1. e4 e5 2. Nf3 Nc6 3. Bc4 Nf6 4. Ng5 d5 5. exd5 Na5 6. Bb5+ c6 7. dxc6 bxc6 8. Be2 h6 9. Nf3 e4 10. Ne5 Bc5 11. c3 Bd6 12. d4 exd3 13. Nxd3 0-0 14. 0-0 Qc7 15. h3 Rd8 16. Qc2 Bf5 17. Rd1 c5 18. Qa4 c4 19. Nb4 Bh2+ 20. Kh1 Ne4 21. Be3 Bf4 22. Rxd8+ Rxd8 23. Bxf4 Qxf4 24. Qxa5 Nxf2+ 25. Kg1 Nxh3+ 26. Kh1 Re8 0-1